01162nam a2200289 a 450000100060000000300080000600500170001400800410003102000150007202000210008703500190010804000270012704100080015408200250016210000330018724500850022026000760030530000320038150400310041365000370044465000350048183000420051694200120055899900170057095201420058795201430072934843BD-RjUL20211209052224.0140519s1969 enka b 000 0 eng  a0710063458 a0710063474 (pbk) a(BD-RjUL)34937 aDLCcDLCbengdBD-RjUL aeng a306.80941 bTUF 19691 aTurner, Christopher.910605910aFamily and kinship in modern Britain :ban introduction /cby Christopher Turner aLondon :bRoutledge & Kegan Paul ;aNew York :bHumanities Press,c1969 aix, 118 p. :bill. ;c19 cm aBibliography: p. 115-[118] 0aFamilieszGreat Britain.9106060 0aKinshipzGreat Britain9106061 0aStudents library of sociology9106182 2ddccBK c34843d34843 00102ddc40708NFICaRUCLbRUCLcStackd1970-08-29eZitlingerg16.00l0o306.80941 TUF 1969r2014-05-19 00:00:00tC-2w2014-05-19yBK 00102ddc40718NFICaRUCLbRUCLcReadingd1970-08-29eZeitlingerg16.00l0o306.80941 TUF 1969r2014-05-19 00:00:00tC-1w2014-05-19yBK